000 00248nam a2200097Ia 4500
001 981078
005 20250826220922.0
008 250824s9999 xx 000 0 und d
245 0 _aMÜTHİŞ PSİKOLOJİ
_cYELDA CUMALIOĞLU
260 _bDESTEK YAYINLARI
999 _c981078
_d981078